00719nam a2200217Ia 4500003000900000008004100009020001800050040001600068080001300084100002700097245009000124260003800214300001500252650004100267650001800308650003200326650003200358942000700390999001500397952008900412IN-BaIIA211028s9999 xx 000 0 eng d a0-471-35265-9 cIIA Library a621bHAR aHarris, Tedric A99985 0aRolling bearing analysiscTedric A Harris  aNew YorkbJohn Wiley & Sonsc1966 axiv, 481p. aAstronomy and astrophysics thesaurus aBearing99986 aMechanical engineering9667 aRolling contact loads99987 cBK c5764d5764 00104070aBANbBANcGENd1978-04-05l0o621/ HARp6445r2021-11-05w1978-04-05yBK